| 000 | 01716cam a2200493 4500 | ||
|---|---|---|---|
| 999 |
_c23390 _d23390 |
||
| 001 | vtls011988332 | ||
| 005 | 20221006121341.0 | ||
| 008 | 220509s2020 xo grn 010 f slo | ||
| 020 |
_a9788055641348 _q(viazané) |
||
| 035 | _aurn:nbn:sk:snk-am00gm8l | ||
| 035 | _aurn:nbn:sk:snk-am3j7al | ||
| 035 | _aCB57326C-B2A4-4E46-991F-FA7BBB6AEA06 | ||
| 040 |
_aSNK _bslo _cSNK |
||
| 041 | 1 |
_aslo _heng |
|
| 044 |
_axo _cSK |
||
| 072 | 7 |
_a821.111-3 _xAnglická próza, anglicky písaná _2konspekt |
|
| 080 |
_a821.111-3 _22011 |
||
| 080 |
_a(0:82-311.6) _22011 |
||
| 080 |
_a(410.1) _22011 |
||
| 100 | 1 |
_aGregory, Philippa, _d1954- _4aut _93578 |
|
| 240 | 1 | 0 |
_aLady of the Rivers _lSlovensky |
| 245 | 1 | 0 |
_aPani riek _cPhilippa Gregory ; z anglického originálu Lady of the Rivers ... preložil Štefan Greňa |
| 246 | 1 |
_iObálkový podnázov: _aHistorický román z obdobia vojny ruží |
|
| 264 | 1 |
_aBratislava _bSlovart _c2020 |
|
| 300 |
_a453 strán _c24 cm |
||
| 336 |
_atext _btxt _2rdacontent |
||
| 337 |
_abez média _bn _2rdamedia |
||
| 338 |
_azväzok _bnc _2rdacarrier |
||
| 500 | _aObsahuje biografické údaje o autorke na záložke prebalu publikácie | ||
| 500 | _aPreložené z angličtiny | ||
| 500 | _aNázov série z externého zdroja | ||
| 648 | 7 |
_a15. storočie _2SNKPH _93579 |
|
| 648 | 7 |
_a15th century _2SNKPHeng _93580 |
|
| 651 | 7 |
_aAnglicko _2SNKPHgeo _93581 |
|
| 651 | 7 |
_aEngland _2SNKPHeng _93582 |
|
| 655 | 7 |
_aanglické romány _2SNKPH _98 |
|
| 655 | 7 |
_ahistorické romány _2SNKPH _91688 |
|
| 655 | 7 |
_aEnglish fiction _2SNKPHeng _99 |
|
| 655 | 7 |
_aHistorical novels _2SNKPHeng _91689 |
|
| 700 | 1 |
_aGreňa, Štefan _4trl _93583 |
|
| 958 | _aLX | ||
| 958 | _aUP | ||
| 958 | _aNB | ||